All 10k+ cities in Arizona on a Map - Statistics

General Stats
  • This quiz has been taken 148 times
  • The average score is 26 of 44
Answers on the Map
Answers color-coded by a green-red scale on the quiz's map according to % correct below.
 
Answer Stats
City Population % Correct
Tucson 542,629
100%
Mesa 504,258
98%
Phoenix 1,608,139
98%
Flagstaff 76,831
97%
Glendale 248,325
95%
Chandler 275,987
94%
Scottsdale 241,361
94%
Yuma 95,548
94%
Gilbert 267,918
92%
Lake Havasu City 57,144
86%
Surprise 143,148
85%
Tempe 180,587
85%
Goodyear 95,294
80%
Peoria 190,985
80%
Buckeye 91,502
79%
Prescott 45,827
77%
Maricopa 58,125
68%
Nogales 19,770
67%
Casa Grande 53,658
65%
Prescott Valley 46,785
65%
Avondale 89,334
64%
Kingman 32,689
62%
Sierra Vista 45,308
61%
Queen Creek 59,519
58%
Bullhead City 41,348
55%
Apache Junction 38,499
53%
Marana 51,908
48%
San Luis 35,257
44%
Oro Valley 47,070
42%
Douglas 16,534
41%
Payson 16,351
36%
Florence 26,785
35%
Show Low 11,732
35%
Paradise Valley 12,658
32%
El Mirage 35,805
30%
Coolidge 13,218
29%
Eloy 15,635
29%
Cottonwood 12,029
27%
Fountain Hills 23,820
27%
Sahuarita 34,134
27%
Safford 10,129
24%
Somerton 14,197
24%
Chino Valley 13,020
23%
Camp Verde 12,147
20%
No matching quizzes found
Score Distribution
Percent of People with Each Score
Percentile by Number Answered
Your Score History
You have not taken this quiz